| 000 | 01016nam a2200277Ia 4500 | ||
|---|---|---|---|
| 003 | OSt | ||
| 005 | 20221005110652.0 | ||
| 006 | a|||||r|||| 00| 0 | ||
| 007 | ta | ||
| 008 | 221004b |||||||| |||| 00| 0 hin d | ||
| 020 |
_a9788126717927 (hbk) _c150 |
||
| 024 | _a35857 | ||
| 037 |
_b369, 15/12/2011, Independent Publishers Group _cTextual |
||
| 040 |
_aCRL _cCRL _bhin |
||
| 041 |
_2hin _ahin |
||
| 082 | _aO152,1N292x, K7;P9 | ||
| 100 | _aसहाय, रघुवीर | ||
| 245 | 0 | _aआत्महत्या के विरूद्ध | |
| 246 | _aĀtmahatyā ke virūddha | ||
| 260 |
_aनई दिल्ली _bराजकमल प्रकाशन भारत _c2009 |
||
| 300 |
_a94पृ0 _ccm. |
||
| 650 | _a हिन्दी साहित्य | ||
| 650 | _aहिन्दी कविता | ||
| 942 |
_hO152,1N292x, K7;P9 _cTEXL _2cc |
||
| 999 |
_c1019536 _d1019536 |
||